NLSUI OPAC header image

Corporate governance in emerging markets Volumes 1-2 / (Record no. 20923)

MARC details
000 -LEADER
fixed length control field 00764nam a2200217Ia 4500
003 - CONTROL NUMBER IDENTIFIER
control field OSt
005 - DATE AND TIME OF LATEST TRANSACTION
control field 20260610103529.0
008 - FIXED-LENGTH DATA ELEMENTS--GENERAL INFORMATION
fixed length control field 160316s2002 xxu||||| |||| 00| 0 eng d
020 ## - INTERNATIONAL STANDARD BOOK NUMBER
International Standard Book Number 8178811588 (hbk.)
082 ## - DEWEY DECIMAL CLASSIFICATION NUMBER
Classification number 346.0664
Item number CHO-I
245 ## - TITLE STATEMENT
Title Corporate governance in emerging markets Volumes 1-2 /
Statement of responsibility, etc. edited by Nagendra V Chowdary
260 ## - PUBLICATION, DISTRIBUTION, ETC.
Place of publication, distribution, etc. Hyderabad :
Name of publisher, distributor, etc. ICFAI University,
Date of publication, distribution, etc. 2002.
300 ## - PHYSICAL DESCRIPTION
Extent xviii, 169 p. ;
Dimensions 20 cm.
365 ## - TRADE PRICE
Price amount RS.225 per volume
505 ## - Contents
Contents Volume 1:Corporate governance devoleps in emerging markets<br/>volume 2: Disclosure of coporate governance, how are we doing<br/><br/><br/><br/><br/><br/><br/>
650 ## - SUBJECT ADDED ENTRY--TOPICAL TERM
Topical term or geographic name entry element Corporate Governance
650 ## - SUBJECT ADDED ENTRY--TOPICAL TERM
Topical term or geographic name entry element Corporate Laws
650 ## - SUBJECT ADDED ENTRY--TOPICAL TERM
Topical term or geographic name entry element Management
700 ## - ADDED ENTRY--PERSONAL NAME
Personal name Chowdary, Nagendra V.
--
942 ## - ADDED ENTRY ELEMENTS (KOHA)
Source of classification or shelving scheme Dewey Decimal Classification
Koha item type BOOKs
Holdings
Withdrawn status Lost status Damaged status Not for loan Home library Current library Shelving location Date acquired Cost, normal purchase price Total Checkouts Full call number Barcode Date last seen Date last checked out Price effective from Koha item type
        NLS NLS   30/05/2017 225.00 1 346.0664 CHO-I 19005 04/01/2024 04/01/2024 30/05/2017 BOOKs
        NLS NLS   30/05/2017 225.00   346.0664 CH0-II 19006 30/05/2017   30/05/2017 BOOKs